Prodslov 2001 zoznam vybraných priemyselných výrobkov

Salvato in:
Dettagli Bibliografici
Natura: Libro
Lingua:slovacco
Pubblicazione: Bratislava Štatistický úrad Slovenskej republiky 2000
Serie:Katalógy, číselníky, metodika
Soggetti:
Tags: Aggiungi Tag
Nessun Tag, puoi essere il primo ad aggiungerne!!

MARC

LEADER 00000nam a2200000 4500
001 c123693
005 20221108092332.4
041 0 |a slo 
044 |a SK 
245 1 0 |a Prodslov 2001  |b zoznam vybraných priemyselných výrobkov 
264 1 |a Bratislava  |b Štatistický úrad Slovenskej republiky  |c 2000 
300 |a 271 s. 
490 1 |a Katalógy, číselníky, metodika 
830 0 |a Katalógy, číselníky, metodika 
610 2 0 |a výrobky priemyselné 
610 2 0 |a zisťovanie štatistické 
610 2 0 |a výrobky priemyselné 
610 2 0 |a Európske spoločenstvá 
610 2 0 |a klasifikácia výrobkov 
610 2 0 |a adresáre 
610 2 0 |a metodika